| 000 | 00344nam a22001457a 4500 | ||
|---|---|---|---|
| 003 | SGT | ||
| 020 | _a9789388022477 | ||
| 082 |
_a615.19 _bUDD |
||
| 100 | _aUDDIN REHAN | ||
| 245 | _aA TEXTBOOK OF PHARMACEUTICAL ENGINEERING | ||
| 260 |
_aINDIA _bIP PUB _c2025 |
||
| 300 | _a133 | ||
| 650 | _a PHARMACEUTICAL ENGINEERING | ||
| 942 |
_2ddc _cBK |
||
| 999 |
_c34258 _d34258 |
||